000 00591nam a2200229Ia 4500
003 OSt
005 20220928102102.0
006 a|||||r|||| 00| 0
007 ta
008 220927b |||||||| |||| 00| 0 eng d
024 _a50026
037 _cTextual
040 _aSDCL
_cSDCL
_beng
041 _2eng
_aeng
082 _aO152,2N194,1, M4
100 _aGandhi Shanta
_9396506
245 0 _aJasma odhan.
260 _aNew Delhi
_bRadhakrishan
_c1984
300 _a141p.
_ccm.
942 _hO152,2N194,1, M4
_cTEXL
_2CC
999 _c712240
_d712240